Normal view
MARC view
- Stories and biographies from iqbal
Entry Topical Term
001 - CONTROL NUMBER
- control field: 111673
003 - CONTROL NUMBER IDENTIFIER
- control field: NUST
005 - DATE AND TIME OF LATEST TRANSACTION
- control field: 20230403110704.0
008 - FIXED-LENGTH DATA ELEMENTS
- fixed length control field: 230403|| aca||aabn | a|a d
040 ## - CATALOGING SOURCE
- Original cataloging agency: NUST
- Transcribing agency: NUST
150 ## - HEADING--TOPICAL TERM
- Topical term or geographic name entry element: Stories and biographies from iqbal
670 ## - SOURCE DATA FOUND
- Source citation: Work cat.: (NUST)186973: Hassan, Masud Ul 111672, Stories and Biographies from Iqbal /, 1998
